Vật lý đại chúng

Salvato in:
Dettagli Bibliografici
Autore principale: D G ORIR
Natura: Libro
Lingua:Undetermined
Pubblicazione: H. KHKT 2001
Soggetti:
Tags: Aggiungi Tag
Nessun Tag, puoi essere il primo ad aggiungerne! !
Thư viện lưu trữ: Trung tâm Học liệu Trường Đại học Cần Thơ
LEADER 00423nam a2200169Ia 4500
001 CTU_50176
008 210402s9999 xx 000 0 und d
082 |a 530 
082 |b O.69/T1 
100 |a D G ORIR 
245 0 |a Vật lý đại chúng 
245 0 |c D G ORIR, TẤN HƯNG 
260 |a H. 
260 |b KHKT 
260 |c 2001 
650 |a physics 
980 |a Trung tâm Học liệu Trường Đại học Cần Thơ